000 00498nam a2200181Ia 4500
005 20250326141202.0
008 250326s9999 xx 000 0 und d
037 _aTextbook
040 _aFMSL
_beng
_cFMSL
041 _aeng
_2eng
084 _qFMSL
100 _aKanesalingam V
_9743895
245 0 _aPrivatisation: Trends and experiences in South Ashia
_cKanesalingam V
260 _aNew Delhi
_bNew Delhi, Macmillan
_c1991
300 _a217p
942 _cTB
999 _c1289119
_d1289119